| 000 | 00985nam a22002417a 4500 | ||
|---|---|---|---|
| 999 |
_c89216 _d89216 |
||
| 005 | 20230630123339.0 | ||
| 010 | _aBAC-EN21 ENG-111959 ENG-137228 | ||
| 020 |
_a9789325973954 _c450.00 |
||
| 035 | _aEN-95491 EN-120760 | ||
| 035 | _aB-588826-843 | ||
| 035 | _aB-665109 | ||
| 037 |
_bPrakashan Sansthan/Ven _adpl |
||
| 082 | _a921 | ||
| 100 | _aBose, Mihir | ||
| 245 |
_aThe lost hero : _cby Mihir Bose _ba biography of Subhas Bose / |
||
| 260 |
_aNoida _bWide Canvas (an imprint of Vikas Publishing House ) _c2014 |
||
| 270 |
_aE-28, sector-8 _bNoida _e201301 |
||
| 300 |
_axxvi,558p., [12] p. of plates _c23cm(pbk) |
||
| 500 | _aIncludes bibliographical references and index | ||
| 942 |
_cEN _2ddc _mBOS _h921 |
||